<?xml version="1.0" encoding="UTF-8"?>
<record
    xmlns:xsi="http://www.w3.org/2001/XMLSchema-instance"
    xsi:schemaLocation="http://www.loc.gov/MARC21/slim http://www.loc.gov/standards/marcxml/schema/MARC21slim.xsd"
    xmlns="http://www.loc.gov/MARC21/slim">

  <leader>01012nam a22002537a 4500</leader>
  <controlfield tag="005">20170123164144.0</controlfield>
  <datafield tag="010" ind1=" " ind2=" ">
    <subfield code="a">B-079773</subfield>
  </datafield>
  <datafield tag="020" ind1=" " ind2=" ">
    <subfield code="c">110.00</subfield>
    <subfield code="a">8171163378</subfield>
  </datafield>
  <datafield tag="035" ind1=" " ind2=" ">
    <subfield code="a">B-079773</subfield>
  </datafield>
  <datafield tag="037" ind1=" " ind2=" ">
    <subfield code="b">Cen Lib/Ret</subfield>
  </datafield>
  <datafield tag="040" ind1=" " ind2=" ">
    <subfield code="a">DPL</subfield>
    <subfield code="b">PN</subfield>
  </datafield>
  <datafield tag="082" ind1=" " ind2=" ">
    <subfield code="a">&#xA15; </subfield>
    <subfield code="b">&#xA05;&#xA2E;&#xA30;</subfield>
  </datafield>
  <datafield tag="100" ind1=" " ind2=" ">
    <subfield code="a">&#xA05;&#xA2E;&#xA30;&#xA1C;&#xA40;&#xA24; &#xA38;&#xA3F;&#xA70;&#xA18; </subfield>
    <subfield code="9">120048</subfield>
  </datafield>
  <datafield tag="245" ind1=" " ind2=" ">
    <subfield code="a">&#xA38;&#xA41;&#xA30;&#xA1C;&#xA28; &#xA2E;&#xA3F;&#xA38;&#xA24;&#xA30;&#xA40; &#xA24;&#xA47; &#xA39;&#xA4B;&#xA30; &#xA15;&#xA39;&#xA3E;&#xA23;&#xA40;&#xA06;&#xA02; /</subfield>
    <subfield code="c">&#xA05;&#xA2E;&#xA30;&#xA1C;&#xA40;&#xA24; &#xA38;&#xA3F;&#xA70;&#xA18; </subfield>
  </datafield>
  <datafield tag="246" ind1=" " ind2=" ">
    <subfield code="a">Surjan mistry te hor kahanian/</subfield>
    <subfield code="b">by Amarjit Singh</subfield>
  </datafield>
  <datafield tag="260" ind1=" " ind2=" ">
    <subfield code="a">&#xA26;&#xA3F;&#xA71;&#xA32;&#xA40; </subfield>
    <subfield code="b">&#xA28;&#xA48;&#xA38;&#xA3C;&#xA28;&#xA32;&#xA3C; &#xA2C;&#xA42;&#xA15; &#xA38;&#xA3C;&#xA3E;&#xA2A;</subfield>
    <subfield code="c">2003</subfield>
  </datafield>
  <datafield tag="270" ind1=" " ind2=" ">
    <subfield code="a">&#xA2A;&#xA4D;&#xA32;&#xA47;&#xA06;&#xA38;&#xA41;&#xA30; &#xA17;&#xA3E;&#xA30;&#xA21;&#xA28; &#xA2E;&#xA3E;&#xA30;&#xA15;&#xA3F;&#xA1F;, &#xA1A;&#xA3E;&#xA02;&#xA26;&#xA28;&#xA40; &#xA1A;&#xA4B;&#xA15; </subfield>
    <subfield code="b">&#xA26;&#xA3F;&#xA71;&#xA32;&#xA40; </subfield>
    <subfield code="e">110006</subfield>
  </datafield>
  <datafield tag="300" ind1=" " ind2=" ">
    <subfield code="a">135p ; </subfield>
    <subfield code="c">20cm</subfield>
  </datafield>
  <datafield tag="650" ind1=" " ind2=" ">
    <subfield code="a">&#xA2A;&#xA70;&#xA1C;&#xA3E;&#xA2C;&#xA40; -- &#xA15;&#xA39;&#xA3E;&#xA23;&#xA40;&#xA06;</subfield>
    <subfield code="9">120049</subfield>
  </datafield>
  <datafield tag="650" ind1=" " ind2=" ">
    <subfield code="a">&#xA38;&#xA3E;&#xA39;&#xA3F;&#xA24; -- &#xA2A;&#xA70;&#xA1C;&#xA3E;&#xA2C;&#xA40; </subfield>
    <subfield code="9">120050</subfield>
  </datafield>
  <datafield tag="650" ind1=" " ind2=" ">
    <subfield code="a">literature -- Punjabi</subfield>
    <subfield code="9">114104</subfield>
  </datafield>
  <datafield tag="650" ind1=" " ind2=" ">
    <subfield code="a">Punjabi -- story</subfield>
    <subfield code="9">116063</subfield>
  </datafield>
  <datafield tag="942" ind1=" " ind2=" ">
    <subfield code="2">ddc</subfield>
    <subfield code="c">PN</subfield>
    <subfield code="h">&#xA15; </subfield>
    <subfield code="m">&#xA05;&#xA2E;&#xA30;</subfield>
  </datafield>
  <datafield tag="999" ind1=" " ind2=" ">
    <subfield code="c">109855</subfield>
    <subfield code="d">109855</subfield>
  </datafield>
  <datafield tag="952" ind1=" " ind2=" ">
    <subfield code="0">0</subfield>
    <subfield code="1">0</subfield>
    <subfield code="4">0</subfield>
    <subfield code="7">0</subfield>
    <subfield code="a">L</subfield>
    <subfield code="b">L</subfield>
    <subfield code="d">2016-01-08</subfield>
    <subfield code="e">Cen Lib/Ret</subfield>
    <subfield code="g">110.00</subfield>
    <subfield code="l">3</subfield>
    <subfield code="o">&#xA15;  &#xA05;&#xA2E;&#xA30;</subfield>
    <subfield code="p">B-079773</subfield>
    <subfield code="r">2020-01-12 00:00:00</subfield>
    <subfield code="s">2019-12-22</subfield>
    <subfield code="t">1</subfield>
    <subfield code="v">110.00</subfield>
    <subfield code="w">2016-01-08</subfield>
    <subfield code="y">PN</subfield>
  </datafield>
</record>
